000 00304nam a22001337a 4500
008 181203b xxu||||| |||| 00| 0 eng d
020 _a9780323048262
041 _aeng
080 _28th
_a610.73
100 _a2
101 _aINF
245 _aNursing Diagnosis Handbook
_cAckley,B.J
942 _2udc
_cBK
999 _c52744
_d52744